| 000 | 00565nam a22002057a 4500 | ||
|---|---|---|---|
| 003 | OSt | ||
| 005 | 20140310183122.0 | ||
| 008 | 130204t xxu||||| |||| 00| 0 eng d | ||
| 020 | _a9789712721281 | ||
| 050 |
_aD21 _b.Ar716 2011 |
||
| 082 |
_aF 909 _b.W89 2011 |
||
| 245 |
_aWorld history for Filipino students _cAriston, Angelica V. |
||
| 260 |
_aPasig City : _bAnvil Publishing Inc., _c2011 |
||
| 300 |
_ax, 351 p. : _c25 cm. _bill. ; |
||
| 521 | _acollege students | ||
| 526 | _c1210L-1700L | ||
| 541 | _j1 | ||
| 562 | _e1 | ||
| 942 |
_2lcc _cBK _kFIL |
||
| 999 |
_c18954 _d18954 |
||